[Event "CZE-ch U12 Girls"]
[Site "Teplice"]
[Date "2023.03.14"]
[Round "5"]
[White "Spetlova, Stella"]
[Black "Skotakova, Stela"]
[Result "1-0"]
[WhiteElo "1000"]
[BlackElo "1000"]
[PlyCount "103"]
[EventDate "2023.03.11"]
[EventType "swiss"]
[EventRounds "9"]
[EventCountry "CZE"]
[SourceTitle "CBM 213 Extra"]
[Source "ChessBase"]
[SourceDate "2023.05.31"]
[SourceVersion "1"]
[SourceVersionDate "2023.05.31"]
[SourceQuality "1"]

1. e4 e5 2. Nf3 Nc6 3. d4 d6 4. d5 Nb8 5. Nc3 Bg4 6. Bc4 Nf6 7. Be3 c6 8. h3 Bh5 9. Qe2 Be7 10. 0-0-0 cxd5 11. exd5 0-0 12. g4 Bg6 13. Rhg1 e4 14. Nd2 Nbd7 15. f4 h6 16. f5 Bh7 17. Ndxe4 Nxe4 18. Nxe4 a6 19. Qg2 Qa5 20. a3 Ne5 21. Bb3 Rac8 22. Kb1 b5 23. Rdf1 Qc7 24. g5 h5 25. f6 Bxf6 26. gxf6 g6 27. Nc3 Qd7 28. a4 b4 29. Na2 a5 30. Bb6 Ra8 31. Nc1 Qb7 32. Bd4 Rfe8 33. Bxe5 Rxe5 34. Nd3 Ree8 35. Re1 Qd7 36. Rxe8+ Rxe8 37. Ka2 Re3 38. Qg5 Qe8 39. Qh6 Qf8 40. Qxe3 Kh8 41. Re1 h4 42. Qe8 Qxe8 43. Rxe8+ Bg8 44. Nf4 Kh7 45. c3 Kh8 46. cxb4 axb4 47. a5 Kh7 48. a6 Kh8 49. Nxg6+ fxg6 50. f7 Kh7 51. fxg8Q+ Kh6 52. Re6 1-0

[Event "CZE-ch U12 Girls"]
[Site "Teplice"]
[Date "2023.03.13"]
[Round "4"]
[White "Skotakova, Stela"]
[Black "Archlebova, Iva"]
[Result "0-1"]
[WhiteElo "1000"]
[BlackElo "1170"]
[PlyCount "64"]
[EventDate "2023.03.11"]
[EventType "swiss"]
[EventRounds "9"]
[EventCountry "CZE"]
[SourceTitle "CBM 213 Extra"]
[Source "ChessBase"]
[SourceDate "2023.05.31"]
[SourceVersion "1"]
[SourceVersionDate "2023.05.31"]
[SourceQuality "1"]

1. e4 e5 2. Nf3 Nc6 3. Bc4 Bc5 4. c3 Nf6 5. d4 Bd6 6. dxe5 Bxe5 7. Bg5 d6 8. 0-0 h6 9. Nxe5 Nxe5 10. Bxf6 Qxf6 11. Nd2 Be6 12. Qa4+ c6 13. Bxe6 Qxe6 14. Rfe1 0-0 15. Qc2 Rad8 16. Rad1 Qxa2 17. Ra1 Qe6 18. Rxa7 Rd7 19. b4 Rfd8 20. Rd1 d5 21. exd5 Qxd5 22. Ra2 Nc4 23. h3 Nxd2 24. Kh1 Rd6 25. f3 Qg5 26. Kh2 Nxf3+ 27. gxf3 Rxd1 28. Qxd1 Rxd1 29. Rg2 Qf4+ 30. Rg3 Rd2+ 31. Kh1 Qxg3 32. c4 Qg2# 0-1